000 00455nam a2200157Ia 4500
999 _c20755
_d20755
003 OSt
005 20200623114933.0
008 190216s9999||||xx |||||||||||||| ||und||
040 _coclc
082 _a954.04
_bDES/R
100 _aDesai, A R
_92954
245 0 _aRecent Trends In Indian Nationalism /
_cA R Desai
260 _bPopular Prakashan,
_c2000.
_aMumbai:
300 _a149p
942 _cBK
_2ddc
_h954.04
_iDES/R
_k954.04
_mDES/R